Pie or Lie? Quiz Stats

Quiz Updated Apr 29, 2015

Challenge
Share
Tweet
Embed
Score 0/15 Timer 02:00
1 Play Today
% Correct
Key lime
94.2%
Banana cream
93.5%
Peach
93.2%
Strawberry rhubarb
91.6%
Mississippi mud
89.1%
Mince
87.7%
Meat and potato
85.8%
Apple crisp
83.6%
% Correct
Kidney
74.8%
Chicken and mushroom
69.7%
Bumbleberry
59.8%
Shoofly
56.2%
Derby
46.7%
Chess
39.6%
Saskatoonberry
38.9%

You're not logged in!

Compare scores with friends on all Sporcle quizzes.
Sign Up with Email
OR
Log In

You Might Also Like...

Show Comments

Extras

Top Quizzes Today


Score Distribution

Your Account Isn't Verified!

In order to create a playlist on Sporcle, you need to verify the email address you used during registration. Go to your Sporcle Settings to finish the process.